| 000 | 00808cam a22002533a 4500 | ||
|---|---|---|---|
| 001 | 17856 | ||
| 003 | PGUSA | ||
| 005 | 20140828083359.0 | ||
| 008 | 060225s2006||||xxu|||||s|||||000 | eng d | ||
| 040 |
_aPGUSA _beng |
||
| 042 | _adc | ||
| 050 | 4 | _aPS | |
| 100 | 1 |
_aParrish, Randall, _d1858-1923 |
|
| 245 | 1 | 0 |
_aPrisoners of Chance : _bThe Story of What Befell Geoffrey Benteen, Borderman, through His Love for a Lady of France _h[electronic resource] / _cRandall Parrish |
| 260 |
_bProject Gutenberg, _c2006 |
||
| 506 | _aPublic domain in the USA. | ||
| 516 | _aElectronic text | ||
| 653 | _aAdventure stories | ||
| 700 | 1 |
_aKinney, Troy, _d1871-1938 |
|
| 700 | 1 |
_aKinney, Margaret West, _d1872- |
|
| 830 | 0 |
_aProject Gutenberg _v17856 |
|
| 856 | 4 | 0 | _uhttp://www.gutenberg.org/ebooks/17856 |
| 942 | _cEB | ||
| 999 |
_c247111 _d247111 |
||